Chambers compact dictionary (Record no. 78136)

MARC details
000 -LEADER
fixed length control field 00626nam a2200157 a 4500
008 - FIXED-LENGTH DATA ELEMENTS--GENERAL INFORMATION
fixed length control field 120416s0000 ||||||||||||||||| || u
020 ## - INTERNATIONAL STANDARD BOOK NUMBER
International Standard Book Number 0550100024
050 ## - LIBRARY OF CONGRESS CALL NUMBER
Classification number REF PE 1625 Hig
100 ## - MAIN ENTRY--PERSONAL NAME
Personal name Higgleton, Elaine
245 10 - TITLE STATEMENT
Title Chambers compact dictionary
260 ## - PUBLICATION, DISTRIBUTION, ETC.
Place of publication, distribution, etc. Edinburgh
Name of publisher, distributor, etc. Chamers Harrap
Date of publication, distribution, etc. 2000
300 ## - PHYSICAL DESCRIPTION
Extent viii, 943p. : ill.
350 ## -
-- 0.00
995 ## -
-- BINDERY (DAMAGED)
-- 0.00
-- 735253
-- CBU-MAIN LIBRARY (Kitwe)
-- 2
-- 10.99
-- PE 1625 Hig
-- 2
-- DAMAGED
-- 38371
-- Reference Collection
995 ## -
-- BINDERY (DAMAGED)
-- 0.00
-- 735252
-- CBU-MAIN LIBRARY (Kitwe)
-- 1
-- 10.99
-- REF PE 1625 Hig
-- DAMAGED
-- 38369
-- Reference Collection
999 ## -
-- 78136
-- 78136
Holdings
Withdrawn status Lost status Source of classification or shelving scheme Damaged status Not for loan Permanent Location Current Location Shelving location Date acquired Total Checkouts Full call number Barcode Date last seen Copy number Price effective from Koha item type
          CBU-MAIN LIBRARY, KITWE. CBU-MAIN LIBRARY, KITWE.   05/03/2023   REF PE 1625 Hig 38371 05/03/2023 1 05/03/2023 REFERENCE COLLECTION
          CBU-MAIN LIBRARY, KITWE. CBU-MAIN LIBRARY, KITWE.   05/03/2023   REF PE 1625 Hig 38369 05/03/2023 2 05/03/2023 REFERENCE COLLECTION